Problem solving in group

Bibliographic Details
Main Author: Robson, Mike
Format: Book
Published: England : Gower Pub , 1993
Edition:2nd. ed.
Subjects:

MARC

LEADER 00000cam a2200000 7i4500
001 0000002534
005 20200814.0
020 |a 566074141 
040 |a INS 
090 0 0 |a HD30.29 R63 1993 
100 1 |a Robson, Mike 
245 1 0 |a Problem solving in group   |c by Mike Robson 
250 |a 2nd. ed. 
260 |a England :   |b Gower Pub ,   |c 1993 
300 |a 164 p ;   |c 23.5 cm. 
650 0 0 |a Problem solving 
650 0 0 |a Problem solving, Group 
999 |a 0000005602   |b BOOK   |c Open Shelf   |e Default branch